Loading...
| Painting/Sculpture | 0 | 7 | 1 | 0 | 65 | 19 | 54.86 | 3 | 5 |
| Science - Chemistry | 0 | 3 | 0 | 0 | 30 | 26 | 45.67 | 1 | 2 |
| Science - Biology | 0 | 2 | 0 | 0 | 20 | 69 | 71.00 | 0 | 1 |
| Science - Other Science | 0 | 2 | 0 | 0 | 20 | 39 | 51.50 | 1 | 1 |
| Literature - British Literature | 0 | 1 | 0 | 0 | 10 | 53 | 53.00 | 0 | 1 |
| Geography | 0 | 1 | 0 | 0 | 10 | 34 | 34.00 | 1 | 1 |
| History - World History | 0 | 1 | 1 | 1 | 5 | 102 | 102.00 | 0 | 0 |
| Science - Physics | 0 | 1 | 2 | 1 | 0 | 105 | 105.00 | 0 | 0 |
| Fine Arts - Other Fine Arts | 0 | 0 | 1 | 0 | -5 | 0.00 | 0 | 0 | |
| History - Other History | 0 | 0 | 1 | 0 | -5 | 0.00 | 0 | 0 | |
| Pop Culture | 0 | 0 | 1 | 0 | -5 | 0.00 | 0 | 0 | |
| Social Science | 0 | 0 | 2 | 0 | -10 | 0.00 | 0 | 0 |